000 00314nam a22001337a 4500
008 171017b xxu||||| |||| 00| 0 eng d
020 _a0316112232
041 _aeng
080 _a330.101.542
100 _a52
101 _aMIK
245 _aMICROECONOMIC THEORY AND APPLICATIONS
_cBROWNING,E.K
942 _2udc
_cBK
999 _c34500
_d34500